000 00521nam a22001697a 4500
005 20231109131740.0
008 231109b |||||||| |||| 00| 0 eng d
020 _a0409018317 ; 0409018325
041 _aEnglish
082 _a346.2 CHR
100 _aChristie, RH
_lEnglish
245 _aThe Law of Contract in South Africa /
_cRH Christie
260 _aDurban :
_bButterworths,
_c1983
300 _blxxiv, 575 pages ;
_c25,5 cm.
650 _aLegal practice
_bLaw
942 _cBK
_6ALISON_BN_VRIES
999 _c483
_d483